Normal view
MARC view
Entry Topical Term
001 - CONTROL NUMBER
- control field: 69778
003 - CONTROL NUMBER IDENTIFIER
- control field: OSt
005 - DATE AND TIME OF LATEST TRANSACTION
- control field: 20171224133641.0
008 - FIXED-LENGTH DATA ELEMENTS
- fixed length control field: 171224|| aca||aabn | a|a d
040 ## - CATALOGING SOURCE
- Original cataloging agency: OSt
- Transcribing agency: OSt
150 ## - HEADING--TOPICAL TERM
- Topical term or geographic name entry element: चिल्ड्रन
670 ## - SOURCE DATA FOUND
- Source citation: Work cat.: (OSt)9104: अनुराधा गुप्ता 35247, स्क्रीन प्रिंटिंग एवं पेपर मैशे , 2001









